Français et anglais en Égypte, 1881-1882 /
Main Author:
Format: Book
Language: French
Published:
Paris :
R. Roger & F. Chernoviz, éditeurs,
1910.
Subjects:
Tags: Add Tag
Call Number: DT107 .B5
| LEADER | 00670nam a22002177a 4500 | ||
|---|---|---|---|
| 003 | OSt | ||
| 005 | 20260405110427.0 | ||
| 008 | 260405t1910 fr 000 0 fre d | ||
| 010 | |a ltf90022561 | ||
| 040 | |c ARCE Library | ||
| 043 | |a f-ua--- | ||
| 050 | 1 | 4 | |a DT107 |b .B5 |
| 100 | 1 | |a Biovès, Achille, |e author |9 26827 | |
| 245 | 1 | 0 | |a Français et anglais en Égypte, 1881-1882 / |c Achille Biovès. |
| 264 | 1 | |a Paris : |b R. Roger & F. Chernoviz, éditeurs, |c 1910. | |
| 300 | |a 380 pages ; |c 25 cm. | ||
| 651 | 0 | |a Egypt |x History |y British occupation, 1882-1936. | |
| 651 | 0 | |a Egypt |x History |y French occupation, 1798-1801. | |
| 901 | |a reviewed | ||
| 942 | |c BK |2 lcc | ||
| 999 | |c 13507 |d 13507 | ||
